[Event "Titled Tuesday intern op 30th May Late"]
[Site "Chess.com INT"]
[Date "2023.05.30"]
[Round "11"]
[White "Mickiewicz, Piotr"]
[Black "Mendez Machado, Andre"]
[Result "1-0"]
[WhiteElo "2245"]
[BlackElo "1979"]
[PlyCount "95"]
[EventDate "2023.05.30"]
[EventType "swiss (blitz)"]
[EventRounds "11"]
[EventCountry "USA"]
[SourceTitle "CBM 214 Extra"]
[Source "ChessBase"]
[SourceDate "2023.07.31"]
[SourceVersion "1"]
[SourceVersionDate "2023.07.31"]
[SourceQuality "1"]

1. Nf3 Nf6 2. g3 e6 3. Bg2 d5 4. 0-0 Be7 5. c4 0-0 6. b3 d4 7. e3 c5 8. exd4 cxd4 9. d3 Nc6 10. a3 a5 11. Bg5 Nd7 12. Bxe7 Qxe7 13. Re1 e5 14. Nbd2 f5 15. Qc2 Qd6 16. Ng5 e4 17. dxe4 d3 18. Qc3 Nde5 19. f4 Qc5+ 20. Kh1 Ng4 21. Nh3 Be6 22. exf5 Bxf5 23. Ne4 Bxe4 24. Bxe4 Rae8 25. Bd5+ Kh8 26. Qxd3 Qf2 27. Nxf2 Nxf2+ 28. Kg2 Nxd3 29. Red1 Nc5 30. Rab1 Re2+ 31. Kg1 Re3 32. b4 axb4 33. axb4 Na4 34. Ra1 Nc3 35. Rd2 Nxb4 36. Bxb7 h6 37. c5 Rf7 38. c6 Rc7 39. Ra8+ Kh7 40. Rd7 Re7 41. Rxe7 Rxe7 42. Rd8 Ncd5 43. Rd7 Re8 44. c7 Nxc7 45. Rxc7 Re1+ 46. Kf2 Rh1 47. Be4+ Kh8 48. Bxh1 1-0

[Event "Titled Tuesday intern op 28th Mar Late"]
[Site "Chess.com INT"]
[Date "2023.03.28"]
[Round "6"]
[White "Mendez Machado, Andre"]
[Black "Fernandez Garcia, Gumersindo"]
[Result "0-1"]
[WhiteElo "1962"]
[BlackElo "2172"]
[PlyCount "92"]
[EventDate "2023.03.28"]
[EventType "swiss (blitz)"]
[EventRounds "11"]
[EventCountry "USA"]
[SourceTitle "EXT 2024"]
[Source "ChessBase"]
[SourceDate "2023.10.10"]
[SourceVersion "1"]
[SourceVersionDate "2023.10.10"]
[SourceQuality "1"]

1. e4 Nf6 2. e5 Nd5 3. d4 Nb6 4. c4 d6 5. f4 g6 6. Nc3 Bg7 7. Be3 Be6 8. c5 Nd5 9. Nxd5 Bxd5 10. Nf3 0-0 11. Be2 Nc6 12. 0-0 f6 13. f5 dxe5 14. fxg6 hxg6 15. Nh4 Bf7 16. d5 Qxd5 17. Qxd5 Bxd5 18. Nxg6 Rfe8 19. Rfd1 Be6 20. Bf3 Kf7 21. Nh4 Rad8 22. Bh5+ Kg8 23. Bxe8 Rxe8 24. a3 f5 25. Bf2 e4 26. Rab1 Ne5 27. Bd4 Bf6 28. Bxe5 Bxe5 29. Ng6 Bf6 30. Nf4 Bb3 31. Rd7 Kf7 32. Nh5 Be5 33. Ng3 Ke6 34. Rd2 e3 35. Re2 f4 36. Nf1 Bc4 37. Ree1 Rd8 38. g3 e2 39. gxf4 exf1Q+ 40. Rxf1 Bxf1 41. Rxf1 Bxb2 42. Rb1 Rd2 43. h4 Kf5 44. Re1 Bd4+ 45. Kh1 Kxf4 46. c6 Kg3 0-1

[Event "Titled Tuesday intern op 28th Mar Late"]
[Site "Chess.com INT"]
[Date "2023.03.28"]
[Round "3"]
[White "Romero Pallares, Daniel"]
[Black "Mendez Machado, Andre"]
[Result "0-1"]
[WhiteElo "2260"]
[BlackElo "1962"]
[PlyCount "80"]
[EventDate "2023.03.28"]
[EventType "swiss (blitz)"]
[EventRounds "11"]
[EventCountry "USA"]
[SourceTitle "EXT 2024"]
[Source "ChessBase"]
[SourceDate "2023.10.10"]
[SourceVersion "1"]
[SourceVersionDate "2023.10.10"]
[SourceQuality "1"]

1. e4 e5 2. Nf3 Nc6 3. d4 exd4 4. Bc4 Nf6 5. e5 d5 6. Bb5 Ne4 7. Nxd4 Bd7 8. Bxc6 bxc6 9. 0-0 Bc5 10. f3 Ng5 11. f4 Ne4 12. Be3 Qb8 13. Nc3 Qxb2 14. Nxe4 dxe4 15. Nf5 Bxe3+ 16. Nxe3 Rd8 17. Qe1 0-0 18. Rb1 Qxa2 19. f5 Bc8 20. f6 g6 21. Qh4 h5 22. Qg5 Kh7 23. g4 Rg8 24. Kh1 Qa3 25. Rg1 Qf8 26. Qh4 Qh6 27. g5 Qf8 28. Qf4 Qc5 29. Rgd1 Rge8 30. Rxd8 Rxd8 31. Qxe4 Be6 32. h4 Rd4 33. Qf3 Rxh4+ 34. Kg2 Bd5 35. Nxd5 Qxc2+ 36. Kg1 Qxb1+ 37. Kf2 cxd5 38. Qxd5 Qc2+ 39. Ke3 Rh3+ 40. Kf4 Qf5# 0-1

[Event "Titled Tuesday intern op 14th Mar Late"]
[Site "Chess.com INT"]
[Date "2023.03.14"]
[Round "10"]
[White "Mendez Machado, Andre"]
[Black "Abrosimov, Vladimir"]
[Result "0-1"]
[WhiteElo "1962"]
[BlackElo "2341"]
[PlyCount "72"]
[EventDate "2023.03.14"]
[EventType "swiss (blitz)"]
[EventRounds "11"]
[EventCountry "USA"]
[SourceTitle "EXT 2024"]
[Source "ChessBase"]
[SourceDate "2023.10.10"]
[SourceVersion "1"]
[SourceVersionDate "2023.10.10"]
[SourceQuality "1"]

1. e4 c5 2. Nc3 d6 3. d3 Nf6 4. g3 e6 5. Bg2 Be7 6. Nge2 0-0 7. 0-0 Nc6 8. f4 Ne8 9. h3 f5 10. g4 g6 11. exf5 gxf5 12. gxf5 exf5 13. Ng3 Nf6 14. Nh5 Be6 15. Re1 Bf7 16. Nxf6+ Bxf6 17. Be3 Nd4 18. Kh2 Rb8 19. Bd5 Kh8 20. Rg1 Qe7 21. Bf2 b5 22. Re1 Qd7 23. Bxf7 Qxf7 24. Re3 Rbe8 25. Qd2 b4 26. Ne2 Rxe3 27. Qxe3 Nxc2 28. Qc1 Nxa1 29. Qxa1 Rg8 30. Ng3 Bh4 31. Qe1 Bxg3+ 32. Bxg3 Qxa2 33. Qe7 Qxb2+ 34. Kh1 Rxg3 35. Qf8+ Rg8 36. Qxf5 Qg2# 0-1

[Event "Titled Tuesday intern op 14th Mar Late"]
[Site "Chess.com INT"]
[Date "2023.03.14"]
[Round "7"]
[White "Mendez Machado, Andre"]
[Black "Bornholdt, Joa Max"]
[Result "0-1"]
[WhiteElo "1962"]
[BlackElo "2283"]
[PlyCount "60"]
[EventDate "2023.03.14"]
[EventType "swiss (blitz)"]
[EventRounds "11"]
[EventCountry "USA"]
[SourceTitle "EXT 2024"]
[Source "ChessBase"]
[SourceDate "2023.10.10"]
[SourceVersion "1"]
[SourceVersionDate "2023.10.10"]
[SourceQuality "1"]

1. e4 e5 2. Nf3 Nc6 3. Bc4 Nf6 4. Ng5 d5 5. exd5 Na5 6. Bb5+ c6 7. dxc6 bxc6 8. Bd3 Nd5 9. Nf3 Bd6 10. 0-0 0-0 11. Re1 f5 12. Nxe5 Bxe5 13. Rxe5 Qf6 14. Re1 f4 15. Nc3 Qg5 16. Be4 Rf6 17. Qf3 Be6 18. Bxd5 cxd5 19. d3 Nc6 20. Kh1 Rd8 21. Ne2 Rdf8 22. d4 Qh4 23. Bxf4 Rxf4 24. Nxf4 Rxf4 25. Qc3 Nxd4 26. g3 Qh3 27. gxf4 Nf3 28. Qxf3 Qxf3+ 29. Kg1 Bh3 30. Re8+ Kf7 0-1